000 00845nam a2200253Ia 4500
003 OSt
005 20221005103153.0
006 a|||||r|||| 00| 0
007 ta
008 221004b |||||||| |||| 00| 0 hin d
024 _a109835
037 _cTextual
040 _aCRL
_cCRL
_bhin
041 _2hin
_ahin
082 _aQ41:224, 1511K6.3
100 _aकौसल्यायन, भदत्न आनन्द, अनु.
245 0 _aअगंुत्तर निकाय
246 _aAganuttar nikāya
260 _aकलकत्ता
_bमहाबोधि सभा भारत
_c1966
300 _a399पृ0
_ccm.
650 _aधर्म
942 _hQ41:224, 1511K6.3
_cTEXL
_2cc
999 _c1009548
_d1009548